| 000 | 00451nam a2200157 i 4500 | ||
|---|---|---|---|
| 001 | 37022 | ||
| 003 | ES-MaACL | ||
| 005 | 20230906155504.0 | ||
| 007 | t| | ||
| 008 | 030220s1913 fr ||||1| fre d | ||
| 100 | 1 |
_aBrunetière, Ferdinand. _932173 |
|
| 245 | 1 | 0 |
_aQuestions actuelles _b: la science et la religion / _cFerdinand Brunetière. |
| 260 |
_a[Lagny] : _bE. Grevin, _c1913. |
||
| 300 |
_aXXII, 435 p. ; _c19 cm. |
||
| 852 |
_aES-MaACL _jF-2364 |
||
| 999 |
_c37022 _d37022 |
||